000 00484pam a2200157a 44500
008 230515b2013 xxu||||| |||| 00| 0 eng d
020 _aNULL
041 _aENGLISH
082 _aND
100 _aMS NIRANJANA P R
245 _a"A STUDY TO ASSESS THE EFFECT OF SELECTED BREATHING EXERCISES ON THE SYMPTOMS OF PATIENTS WITH SELECTED RESPIRATORY DESEASES IN SELECTED HOSPITALS, OF PRIMPRI PUNE"
250 _a0
260 _a
_bDR D Y PATIL
_c2013
300 _a115
650 _aNULL
999 _c531002
_d531002